00977 2200325 4500001002100000005001500021035002000036007000300056008004100059020002200100082001600122084001800138100002800156245011000184250002600294300002500320650003000345700002800375264003300403336002100436337003000457338002300487040002200510090002200532090002200554850001200576041000800588504003300596990002200629INLIS00000000084673920190503100159 a0010-0519000074ta190502s2018 yoi g 1 | ind d a978-602-407-440-104223a499.221 a499.221 MUN p0 aMunnal Hani'ahepenulis10aPanduan terlengkap PUEBI (Pedoman umum ejaan bahasa Indonesia) /cMunnal Hani'ah; editor, Farel Kurniawan aCetakan pertama, 2018 a447 halaman ;c24 cm 4aBahasa Indonesia--xejaan0 aFarel Kurniawaneeditor aYogyakarta :bLaksana,c2018 2rdacontentateks 2rdamediaatanpa perantara 2rdacarrieravolume aYOPDYOGbinderda aDEP 499.221 MUN p aCB-D.11 2018-2033 aYOPDYOG0 aind aBibliografi: halaman 444-445 aCB-D.11/2018-2033